Popular Letters for the New Millennium (Record no. 8856)

000 -LEADER
fixed length control field 00425 a2200157 4500
020 ## - INTERNATIONAL STANDARD BOOK NUMBER
International Standard Book Number 8172452152
082 ## - DEWEY DECIMAL CLASSIFICATION NUMBER
Classification number 659.2
090 ## - LOCALLY ASSIGNED LC-TYPE CALL NUMBER (OCLC); LOCAL CALL NUMBER (RLIN)
-- 4979
-- 4979
100 ## - MAIN ENTRY--PERSONAL NAME
Personal name Kumar A.
245 ## - TITLE STATEMENT
Title Popular Letters for the New Millennium
Statement of responsibility, etc. A. Kumar
260 ## - PUBLICATION, DISTRIBUTION, ETC.
Place of publication, distribution, etc. New Delhi:
Name of publisher, distributor, etc. Galgotia Publications Pvt. Ltd.
300 ## - PHYSICAL DESCRIPTION
Extent xviii, 334 p.
Other physical details : ill.
Dimensions ; 25 cm.
500 ## - GENERAL NOTE
General note Includes Index
650 ## - SUBJECT ADDED ENTRY--TOPICAL TERM
Topical term or geographic name entry element Technical Writing.
942 ## - ADDED ENTRY ELEMENTS (KOHA)
Koha item type Book
Call number prefix 659.2 KUM
Holdings
Withdrawn status Lost status Damaged status Not for loan Collection code Permanent Location Current Location Shelving location Date acquired Source of acquisition Cost, normal purchase price Total Checkouts Full call number Barcode Date last seen Price effective from Koha item type
          Central Library (CL) Central Library (CL) General Stacks 06/12/2002 Vanguard Books 216.00   659.2 KUM SEECS002131 11/14/2012 01/05/2017 Book
© 2023 Central Library, National University of Sciences and Technology. All Rights Reserved.